000 00595nam a2200229Ia 4500
003 OSt
005 20220923230112.0
006 a|||||r|||| 00| 0
007 ta
008 Pun
024 _a277,343
037 _cTextual
040 _aARTS
_cARTS
_bPun
041 _2Pun
_aPun
082 _aO153,3N231x, M1
100 _aਬ॥Fੀ, ਲੋਚਨ
245 0 _aਦੇਓਲੀ ਦੇ ਪਰਛਾਵੇ੍ਵ
260 _c1981
650 _aਪੰਜਾਬੀ ਸਾਹਿਤ
942 _hO153,3N231x, M1
_cTEXL
_2CC
999 _c382460
_d382460